Reinforced concrete structures (Record no. 11959)

000 -LEADER
fixed length control field 00572nam a2200217 a 4500
001 - CONTROL NUMBER
control field 11959
003 - CONTROL NUMBER IDENTIFIER
control field BD-DhUET
008 - FIXED-LENGTH DATA ELEMENTS--GENERAL INFORMATION
fixed length control field 741112s1975 nyua b 001 0 eng
020 ## - INTERNATIONAL STANDARD BOOK NUMBER
International Standard Book Number 0471659177
040 ## - CATALOGING SOURCE
Original cataloging agency DLC
Transcribing agency DLC
Modifying agency BD-DhUET
082 00 - DEWEY DECIMAL CLASSIFICATION NUMBER
Classification number 624.183
Item number PAR/1975
100 1# - MAIN ENTRY--PERSONAL NAME
Personal name Park, R.
245 10 - TITLE STATEMENT
Title Reinforced concrete structures
250 ## - EDITION STATEMENT
Edition statement 1st ed.
260 ## - PUBLICATION, DISTRIBUTION, ETC. (IMPRINT)
Place of publication, distribution, etc. New York
Name of publisher, distributor, etc. John Wiley & sons
Date of publication, distribution, etc. 1975
300 ## - PHYSICAL DESCRIPTION
Extent xvii, 769 p.
Other physical details ill.
Dimensions 24 cm.
504 ## - BIBLIOGRAPHY, ETC. NOTE
Bibliography, etc Includes bibliographies
650 #0 - SUBJECT ADDED ENTRY--TOPICAL TERM
Topical term or geographic name as entry element Reinforced concrete construction
700 ## - ADDED ENTRY--PERSONAL NAME
Personal name Paulay, T.
942 ## - ADDED ENTRY ELEMENTS (KOHA)
Koha item type General Book
Holdings
Shelving location Koha full call number Koha normalized classification for sorting Piece designation (barcode) Date acquired Price effective from Not for loan Damaged status Sublocation or collection (holding branch) Copy number Koha date last seen Withdrawn status Source of classification or shelving scheme Location (home branch) Koha item type Lost status
Circulation section624.183/PAR/1975624_183000000000000_PAR_1975452222015-02-222015-02-22  Central Library, BUET12015-02-22  Central Library, BUETGeneral Book 
Circulation section624.183/PAR/1975624_183000000000000_PAR_1975534432015-05-052015-05-05  Central Library, BUET22015-05-05  Central Library, BUETGeneral Book 
Circulation section624.183/PAR/1975624_183000000000000_PAR_1975534402015-05-062015-05-06  Central Library, BUET32015-05-06  Central Library, BUETGeneral Book 
Circulation section624.183/PAR/1975624_183000000000000_PAR_1975452212015-05-072015-05-07  Central Library, BUET42015-05-07  Central Library, BUETGeneral Book 
Circulation section624.183/PAR/1975624_183000000000000_PAR_1975511352015-05-072015-05-07  Central Library, BUET52015-05-07  Central Library, BUETGeneral Book 
Reading section624.183/PAR/1975624_183000000000000_PAR_1975449702015-06-252015-06-25  Central Library, BUET62015-06-25  Central Library, BUETGeneral Book 
Cataloging section624.183 PAR/1975624_183000000000000_PAR_1975534391982-06-162024-06-30  Central Library, BUET72024-06-30  Central Library, BUETGeneral Book